000 00609nam a2200205 i 4500
001 100577
003 ES-MaACL
005 20230906182711.0
007 t|
008 050929s1955 es ||||1| spa d
100 1 _aMasferrer, Alberto.
_978709
245 1 4 _aUna vida en el cine /
_cAlberto Masferrer.
260 _aSan Salvador :
_bMinisterio de Cultura,
_c1955.
300 _a108 p. ;
_c18 cm.
490 1 _aBiblioteca popular ;
_v6
710 1 _aEl Salvador.
_bMinisterio de Cultura.
_93462
830 1 _aBiblioteca popular ;
_v6
_9181768
852 _aES-MaACL
_jC-15185
999 _c100577
_d100577